Statistics for US States with Double Letters - 30 Second Sprint

Click here to take the quiz!

General Stats

  • This quiz has been taken 184 times
  • The average score is 5 of 9

Answer Stats

State% Correct
Mississippi
82%
Tennessee
72%
Missouri
69%
Massachusetts
64%
Connecticut
55%
Minnesota
54%
Illinois
53%
Pennsylvania
46%
Hawaii
45%

Score Distribution

Percentile by Number Answered

Percent of People with Each Score

Your Score History

You have not taken this quiz